Una epidemia de paludismo a partir del virus palúdico / (Record no. 108159)

MARC details
000 -LEADER
campo de control de longitud fija 00694nam a2200205 i 4500
001 - NÚMERO DE CONTROL
campo de control 108159
003 - IDENTIFICADOR DE NÚMERO DE CONTROL
campo de control ES-MaACL
005 - FECHA Y HORA DE LA ÚLTIMA TRANSACCIÓN
campo de control 20250928105417.0
007 - CAMPO FIJO DE DESCRIPCIÓN FÍSICA--INFORMACIÓN GENERAL
campo de control de longitud fija t|
008 - DATOS DE LONGITUD FIJA--INFORMACIÓN GENERAL
campo de control de longitud fija 061121s1935 sp r ||||1| spa d
100 1# - ENTRADA PRINCIPAL--NOMBRE DE PERSONA
Nombre de persona Montañés, Pablo.
9 (RLIN) 82392
245 14 - MENCIÓN DEL TÍTULO
Título Una epidemia de paludismo a partir del virus palúdico /
Mención de responsabilidad, etc. P. Montañés y M. Carderera.
260 ## - PUBLICACIÓN, DISTRIBUCIÓN, ETC.
Lugar de publicación, distribución, etc. Madrid :
Nombre del editor, distribuidor, etc. [s.n.],
Fecha de publicación, distribución, etc. 1935 (
Fabricante Gráfica Universal)
300 ## - DESCRIPCIÓN FÍSICA
Extensión 4 p. ;
Dimensiones 24 cm.
595 ## -
-- Separata de: Revista de Sanidad e Higiene Pública, Año X, nº 9, septiembre 1935.
650 04 - PUNTO DE ACCESO ADICIONAL DE MATERIA--TÉRMINO DE MATERIA
Término de materia o nombre geográfico como elemento de entrada Paludismo.
9 (RLIN) 15811
700 1# - ENTRADA AGREGADA--NOMBRE PERSONAL
Nombre de persona Carderera, Mariano,
Fechas asociadas al nombre 1816-1893
9 (RLIN) 35158
852 ## - LOCALIZACIÓN
Ubicación ES-MaACL
Número de control de estantería 1821-F-12
Holdings
Estatus retirado Estado de pérdida Estado de daño No para préstamo Colección Biblioteca de origen Biblioteca actual Ubicación en estantería Fecha de adquisición Fuente de adquisición Total de préstamos Signatura topográfica completa Código de barras Visto por última vez Precio de reemplazo Tipo de ítem Koha
        Colección de folletos Biblioteca del Ateneo de Madrid Biblioteca del Ateneo de Madrid Depósito folletos 17/01/2008     1821-F-12 1112864 23/02/2023 23/02/2023 Folleto